00424nam a2200133 i 4500001000300000100003300003245006700036250001200103260002100115040000800136041000800144008004100152856009700193bg1 aKaczorek, Tadeuszd(1932- ).10aTeoria układów regulacji automatycznej /cTadeusz Kaczorek. aWyd. 2. aWarszawa,c1977. cBPK apol950505s1977 pl f |000 0 pol  uhttp://koha.tu.koszalin.pl/cgi-bin/koha/opac-detail.pl?biblionumber=2916yKatalog online BPK